| 000 | 00492nam a2200193Ia 4500 | ||
|---|---|---|---|
| 005 | 20250423100706.0 | ||
| 008 | 250422s9999 xx 000 0 und d | ||
| 020 | _a9781118378205 | ||
| 050 | _aRC 457.2 .G85/ | ||
| 100 | _aGulati, Gautam | ||
| 245 | 0 | _aPsychiatry: lecture notes | |
| 250 | _a11th ed. | ||
| 260 | _aUnited Kingdom | ||
| 260 | _bWiley-Blackwell | ||
| 260 | _c2014 | ||
| 300 | _a221 p | ||
| 650 | _aMental Disorders--Handbooks. Psychiatry--Handbooks. | ||
| 942 | _cBK | ||
| 999 |
_c34075 _d34075 |
||